Online
Catalog

Tesis : (Record no. 6841)

MARC details
000 -CABECERA
campo de control de longitud fija 00838nam a2200229 a 4500
001 - NÚMERO DE CONTROL
campo de control 000007058
005 - FECHA Y HORA DE LA ÚLTIMA TRANSACCIÓN
campo de control 20200929154045.0
008 - DATOS DE LONGITUD FIJA--INFORMACIÓN GENERAL
campo de control de longitud fija 090904s1994 dr a 000 0 spa d
040 ## - FUENTE DE LA CATALOGACIÓN
Centro catalogador/agencia de origen DO-SdBNP
Lengua de catalogación spa
Centro/agencia transcriptor BNPHU
082 ## - NÚMERO DE LA CLASIFICACIÓN DECIMAL DEWEY
Número de clasificación 001.4
Número de documento/Ítem P644t
100 1# - ENTRADA PRINCIPAL--NOMBRE DE PERSONA
Nombre de persona Pimentel, Rubén Darío
9 (RLIN) 19624
245 10 - MENCIÓN DE TÍTULO
Título Tesis :
Resto del título guía para su elaboración y redacción /
Mención de responsabilidad, etc. Rubén Darío Pimentel ; prólogo Hugo Mendoza.
260 ## - PUBLICACIÓN, DISTRIBUCIÓN, ETC.
Lugar de publicación, distribución, etc. Santo Domingo :
Nombre del editor, distribuidor, etc. Centro Editorial,
Fecha de publicación, distribución, etc. 1994.
300 ## - DESCRIPCIÓN FÍSICA
Extensión 212 p.
-- il. ;
Dimensiones 22 cm.
490 1# - MENCIÓN DE SERIE
Mención de serie AMD Centenaria
Designación de volumen o secuencia 1
500 ## - NOTA GENERAL
Nota general Incluye referencias bibliográficas y notas al pie de las páginas
590 ## - NOTA LOCAL (RLIN)
Nota local Inventariado,2018/DG
651 #4 - PUNTO DE ACCESO ADICIONAL DE MATERIA--NOMBRE GEOGRÁFICO
Nombre geográfico Tesis Y Disertaciones Academicas
Subdivisión general Manuales
9 (RLIN) 19625
700 1# - PUNTO DE ACCESO ADICIONAL--NOMBRE DE PERSONA
Nombre de persona Mendoza, Hugo,
Término indicativo de función/relación pról.
9 (RLIN) 19626
830 #0 - PUNTO DE ACCESO ADICIONAL DE SERIE-TÍTULO UNIFORME
Título uniforme AMD Centenaria
Número de parte o sección de la obra 1
9 (RLIN) 19627
910 ## - DATOS DE OPCIÓN DEL USUARIO (OCLC)
Datos de opción del usuario Validado. Control de calidad MFF
Holdings
Estado de retiro Estado de pérdida No para préstamo Código de colección Localización permanente Ubicación/localización actual Ubicación en estantería Fecha de adquisición Número de inventario Total de préstamos Signatura topográfica completa Código de barras Fecha visto por última vez Precio válido a partir de Tipo de ítem Koha Número de copia
    Excluido de préstamo Patrimonio Dominicano Patrimonio Dominicano Patrimonio Dominicano Depósito 04.09.2009 LF1   001.4 P644t 7058-10 25.06.2020 25.06.2020 Libro y Folleto Colección Patrimonio Dominicano  
    Excluido de préstamo Patrimonio Dominicano Patrimonio Dominicano Patrimonio Dominicano Depósito 17.09.2009 LF1   001.4 P644t 7058-20 25.06.2020 25.06.2020 Libro y Folleto Colección Patrimonio Dominicano e. 2

Powered by Koha